[Event "Hoorn Romero op"]
[Site "Hoorn"]
[Date "2023.09.02"]
[Round "1"]
[White "Bakija, Alan"]
[Black "Eefting, Martijn"]
[Result "1-0"]
[WhiteElo "2132"]
[BlackElo "1908"]
[PlyCount "63"]
[EventDate "2023.09.01"]
[EventType "swiss"]
[EventRounds "6"]
[EventCountry "NED"]
[SourceTitle "EXT 2024"]
[Source "ChessBase"]
[SourceDate "2023.10.10"]
[SourceVersion "1"]
[SourceVersionDate "2023.10.10"]
[SourceQuality "1"]

1. c4 c5 2. g3 Nc6 3. Bg2 g6 4. Nc3 Bg7 5. Nf3 e5 6. 0-0 d6 7. a3 a5 8. Ne1 Be6 9. d3 Nge7 10. Bg5 f6 11. Be3 Rb8 12. Nc2 b6 13. b4 axb4 14. axb4 d5 15. cxd5 Nxd5 16. Bxd5 Bxd5 17. bxc5 b5 18. d4 Bb3 19. Qb1 Bxc2 20. Qxc2 exd4 21. Qe4+ Ne7 22. Qxd4 Qxd4 23. Bxd4 Nc6 24. e3 Kf7 25. Ne4 Rhd8 26. Nd6+ Ke6 27. Ra6 Kd5 28. Rd1 Nxd4 29. Rxd4+ Ke6 30. Nb7+ Ke7 31. Nxd8 Rxd8 32. Ra7+ 1-0

[Event "London Classic op U2050-A 8th"]
[Site "London"]
[Date "2016.12.10"]
[Round "3"]
[White "Advait, Bagri"]
[Black "Eefting, Martijn"]
[Result "1-0"]
[WhiteElo "1647"]
[BlackElo "1743"]
[PlyCount "110"]
[EventDate "2016.12.09"]
[EventType "swiss"]
[EventRounds "5"]
[EventCountry "ENG"]
[SourceTitle "EXT 2019"]
[Source "ChessBase"]
[SourceDate "2018.10.10"]
[SourceVersion "1"]
[SourceVersionDate "2018.10.10"]
[SourceQuality "1"]

1. e4 c5 2. Nc3 g6 3. f4 Nc6 4. Bb5 e6 5. Bxc6 bxc6 6. Nf3 d5 7. d3 Ne7 8. 0-0 Bg7 9. Qe2 0-0 10. e5 a5 11. Na4 c4 12. dxc4 Ba6 13. b3 dxc4 14. bxc4 Nf5 15. c3 Qe7 16. Nd4 Nxd4 17. cxd4 Qb4 18. Nb2 Rfb8 19. Rd1 Bf8 20. a3 Qb3 21. Qd3 Qb7 22. Qc3 Rd8 23. Be3 Rd7 24. Rab1 Qc7 25. Na4 Rb8 26. Rdc1 Rdd8 27. d5 cxd5 28. Bb6 Rxb6 29. Nxb6 Bc5+ 30. Kh1 Bxb6 31. cxd5 Qxc3 32. Rxc3 Ba7 33. Rc6 Bd3 34. Rb7 Be3 35. Rb3 Rxd5 36. Rd6 Rc5 37. Rbxd3 Bxf4 38. g3 Bxe5 39. Rd8+ Kg7 40. Kg2 h5 41. R8d7 Rc3 42. Rxc3 Bxc3 43. Kf3 Kf6 44. h4 Bb2 45. a4 Bc3 46. Ke4 Be1 47. Kf4 e5+ 48. Kf3 e4+ 49. Kf4 e3 50. Kxe3 Bxg3 51. Rd4 Be5 52. Rd5 Bc3 53. Kd3 Bb4 54. Kc4 Be1 55. Rd4 Ke6 1-0

[Event "London Classic op U2050-A 8th"]
[Site "London"]
[Date "2016.12.10"]
[Round "2"]
[White "Patel, Devan"]
[Black "Eefting, Martijn"]
[Result "1-0"]
[WhiteElo "1561"]
[BlackElo "1743"]
[PlyCount "59"]
[EventDate "2016.12.09"]
[EventType "swiss"]
[EventRounds "5"]
[EventCountry "ENG"]
[SourceTitle "EXT 2019"]
[Source "ChessBase"]
[SourceDate "2018.10.10"]
[SourceVersion "1"]
[SourceVersionDate "2018.10.10"]
[SourceQuality "1"]

1. d4 f5 2. c4 Nf6 3. Nc3 e6 4. Nf3 Bb4 5. Bg5 d6 6. e3 Nbd7 7. Bd3 h6 8. Bxf6 Nxf6 9. Qa4+ Bd7 10. Qxb4 a5 11. Qb3 0-0 12. e4 Nh5 13. 0-0-0 a4 14. Qc2 c6 15. exf5 exf5 16. Rhe1 b5 17. c5 b4 18. Nxa4 Qa5 19. Nb6 Nf6 20. Nxa8 Rxa8 21. cxd6 Kf8 22. Qb3 c5 23. Re7 c4 24. Bxc4 Ba4 25. Rf7+ Ke8 26. Qe3+ Ne4 27. Nd2 Rc8 28. Re7+ Kf8 29. Rxe4 fxe4 30. Qf4+ 1-0

[Event "London Weekend U1800 7th"]
[Site "London"]
[Date "2015.12.06"]
[Round "4.9"]
[White "Opedal, Jan Petter"]
[Black "Eefting, Martijn"]
[Result "1/2-1/2"]
[WhiteElo "1680"]
[BlackElo "1766"]
[PlyCount "45"]
[EventDate "2015.12.04"]
[EventType "swiss"]
[EventRounds "5"]
[EventCountry "ENG"]
[SourceTitle "EXT 2023"]
[Source "ChessBase"]
[SourceDate "2022.10.05"]
[SourceVersion "1"]
[SourceVersionDate "2022.10.05"]
[SourceQuality "1"]

1. c4 c5 2. Nc3 g6 3. Nf3 Bg7 4. g3 Nf6 5. Bg2 0-0 6. 0-0 Nc6 7. a3 d5 8. cxd5 Nxd5 9. Nxd5 Qxd5 10. d3 Qd8 11. Qc2 b6 12. Rb1 Bb7 13. e3 Rc8 14. Bd2 Qc7 15. Bc3 Rfd8 16. Bxg7 Kxg7 17. Rfd1 Kg8 18. Qc4 e6 19. Qh4 Kg7 20. Ng5 h6 21. Ne4 Qe7 22. Qxe7 Nxe7 23. b4 1/2-1/2